• 首页
  • 本馆介绍
  • 公告通知
  • 最新文献
  • 馆藏检索
  • 电子资源
  • 读者导购
  • 参考咨询
  • 我的图书馆
  • 登录
  • 详细信息显示
  • 放入我的书架
  • 预约/预借图书
  • 作者相关作品
  • 分类相关作品
  • 丛书相关作品
  • 出版社相关作品

书目信息

  • 表格格式
  • 工作单格式
  • 卡片格式
题名:
中国年鉴
    
 
作者: 中国年鉴编辑部 编
分册: 1994(总第14期)  
出版信息: 北京   中国年鉴社  
页数: 700页
开本: 26cm
丛书名:
单 册:
中图分类: Z5
科图分类:
主题词:
电子资源:
ISBN:
000 00476nam0 2200169 45
001 0181022815
005 20061125141240.87
010    @b精装@dCNY128.00
100    @a20810111d km y0chiy0120 ea
101 0  @achi
200 1  @Azhong guo nian jian@Fzhong guo nian jian bian ji bu@a中国年鉴@h1994(总第14期)@f中国年鉴编辑部编
210    @a北京@c中国年鉴社
215    @a700页@d26cm
690    @aZ5
701 0  @a中国年鉴编辑部@4编
801    @aCN@bTSTC@c20061125
905    @dZ5@e10:(1994)
    
    中国年鉴.1994(总第14期)/中国年鉴编辑部编.-北京:中国年鉴社
    700页;26cm
    
    
    ISBN (精装):CNY128.00
    
●
相关链接 在E读中查询图书 在五车中查询图书 在当当中查询图书 在豆瓣中查询图书


正题名:中国年鉴     索取号:Z5/10:(1994)         预约/预借

序号 登录号 条形码 馆藏地/架位号 状态 备注
1 0273424   202130684   第二样本阅览室/ [索取号:Z5/10:(1994)] 在馆    
唐山师范学院图书馆 欢迎您!
大连网信软件有限公司© 版权所有